Introduction to democratic theory. (Record no. 648)

MARC details
000 -LEADER
fixed length control field 00504cam a2200193ua 4500
001 - CONTROL NUMBER
control field 721
005 - DATE AND TIME OF LATEST TRANSACTION
control field 20260515113221.0
008 - FIXED-LENGTH DATA ELEMENTS--GENERAL INFORMATION
fixed length control field 110413n ii |||gr||||Z||||||eng
040 ## - CATALOGING SOURCE
Transcribing agency MAIN
082 ## - DEWEY DECIMAL CLASSIFICATION NUMBER
Classification number 320.5315
245 ## - TITLE STATEMENT
Title Introduction to democratic theory.
Statement of responsibility, etc. By Henry B. Mayo.
250 ## - EDITION STATEMENT
Edition statement 1st.
260 ## - PUBLICATION, DISTRIBUTION, ETC.
Place of publication, distribution, etc. Delhi.:
Name of publisher, distributor, etc. Sterling publishers.,967.
300 ## - PHYSICAL DESCRIPTION
Extent 316 p.:
Dimensions 20 cm.
653 ## - INDEX TERM--UNCONTROLLED
Uncontrolled term Political science.
653 ## - INDEX TERM--UNCONTROLLED
Uncontrolled term Introduction to democratic theory.
700 1# - ADDED ENTRY--PERSONAL NAME
Personal name Mayo, Henry B.,
942 ## - ADDED ENTRY ELEMENTS (KOHA)
Koha item type Books
Holdings
Withdrawn status Lost status Damaged status Not for loan Home library Current library Shelving location Date acquired Total checkouts Full call number Barcode Date last seen Copy number Price effective from Koha item type
        Naharkatiya College Library Naharkatiya College Library General stacks 09/19/2020   320.5315 | MAY 40 09/19/2020 1 09/19/2020 Books